• 首页
  • 本馆介绍
  • 公告通知
  • 最新文献
  • 馆藏检索
  • 电子资源
  • 读者导购
  • 参考咨询
  • 我的图书馆
  • 登录
  • 详细信息显示
  • 放入我的书架
  • 预约/预借图书
  • 作者相关作品
  • 分类相关作品
  • 丛书相关作品
  • 出版社相关作品

书目信息

  • 表格格式
  • 工作单格式
  • 卡片格式
题名:
注册会计师专项审计业务指引汇编
    
 
作者: 汪宁 主编 ;北京注册会计师协会 编著
分册:  
出版信息: 北京   经济科学出版社  2019.3
页数: 380页
开本: 25cm
丛书名: 北京注册会计师协会系列丛书
单 册:
中图分类: F239.22
科图分类:
主题词: 注册会计师--zhu ce hui ji shi--审计--中国
电子资源:
ISBN: 978-7-5218-0443-0
000 01307oam2 2200277 450
001 2159497135
005 20211011172912.0
010    @a978-7-5218-0443-0@dCNY88.00
100    @a20200408d2019 em y0chiy50 ea
101 0  @achi
102    @aCN@b110000
105    @aa z 000yy
106    @ar
200 1  @a注册会计师专项审计业务指引汇编@Azhu ce hui ji shi zhuan xiang shen ji ye wu zhi yin hui bian@f汪宁主编@g北京注册会计师协会编著
210    @a北京@c经济科学出版社@d2019.3
215    @a380页@c图@d25cm
225 2  @a北京注册会计师协会系列丛书@Abei jing zhu ce hui ji shi xie hui xi lie cong shu
314    @a主编:汪宁
330    @a本书主要有三个特点:一是全面性,涵盖了目前绝大多数专项审计门类;二是实用性,从业务背景、相关法规、业务特点、审计难点及重点、业务承接及实施、报告体例等方面分类讲解,旨在使读者对各类专项审计业务框架有全面的了解,协助执业人员把握关键点、降低审计风险;三是代表性,本书编者均为国内主要大型会计师事务所合伙人等技术专家,其观点兼顾理论与实务,具有较强的行业代表性。
461  0 @12001 @a北京注册会计师协会系列丛书
606 0  @a注册会计师@Azhu ce hui ji shi@x审计@y中国
690    @aF239.22@v5
701  0 @a汪宁@Awang ning@4主编
712 02 @a北京注册会计师协会@Abei jing zhu ce hui ji shi xie hui@4编著
801  0 @aCN@b百万庄@c20211007
905    @b1307505-08@dF239.22@e768@f4
    
    注册会计师专项审计业务指引汇编/汪宁主编/北京注册会计师协会编著.-北京:经济科学出版社,2019.3
    380页:图;25cm.-(北京注册会计师协会系列丛书)
    
    
    ISBN 978-7-5218-0443-0:CNY88.00
    本书主要有三个特点:一是全面性,涵盖了目前绝大多数专项审计门类;二是实用性,从业务背景、相关法规、业务特点、审计难点及重点、业务承接及实施、报告体例等方面分类讲解,旨在使读者对各类专项审计业务框架有全面的了解,协助执业人员把握关键点、降低审计风险;三是代表性,本书编者均为国内主要大型会计师事务所合伙人等技术专家,其观点兼顾理论与实务,具有较强的行业代表性。
●
相关链接 在E读中查询图书 在五车中查询图书 在当当中查询图书 在豆瓣中查询图书


正题名:注册会计师专项审计业务指引汇编     索取号:F239.22/768         预约/预借

序号 登录号 条形码 馆藏地/架位号 状态 备注
1 1307505   213075054   第一样本阅览室/ [索取号:F239.22/768] 在馆    
2 1307506   213075063   第一借阅区/ [索取号:F239.22/768] 在馆    
3 1307507   213075072   第一借阅区/ [索取号:F239.22/768] 在馆    
4 1307508   213075081   第一借阅区/ [索取号:F239.22/768] 在馆    
唐山师范学院图书馆 欢迎您!
大连网信软件有限公司© 版权所有